[Event "WchT Amateur"]
[Site "Kaunas"]
[Date "2016.11.26"]
[Round "7.2"]
[White "Rauduve, Algirdas"]
[Black "Skripkiunas, Benas"]
[Result "0-1"]
[WhiteElo "1636"]
[BlackElo "1517"]
[PlyCount "48"]
[EventDate "2016.11.20"]
[EventType "team-swiss"]
[EventRounds "9"]
[EventCountry "LTU"]
[SourceTitle "CBM 175 Extra"]
[Source "ChessBase"]
[SourceDate "2016.12.12"]
[SourceVersion "1"]
[SourceVersionDate "2016.12.12"]
[SourceQuality "1"]
[WhiteTeam "Lithuania VDU II"]
[BlackTeam "Lithuania Alytaus SRC"]
[WhiteTeamCountry "LTU"]
[BlackTeamCountry "LTU"]

1. e4 c5 2. Nf3 Nc6 3. d4 cxd4 4. Nxd4 e6 5. Nc3 Nf6 6. Nxc6 bxc6 7. e5 Nd5 8. Ne4 Qc7 9. f4 Bc5 10. Nd6+ Ke7 11. Nxc8+ Raxc8 12. Qf3 Rb8 13. Bc4 d6 14. Bxd5 cxd5 15. exd6+ Qxd6 16. c3 d4 17. cxd4 Bxd4 18. Rb1 Rhd8 19. g3 Rd7 20. Kf1 Qa6+ 21. Kg2 Qxa2 22. Be3 Rxb2+ 23. Rxb2 Qxb2+ 24. Kh3 Qc3 0-1

[Event "Panevezys op-B"]
[Site "Panevezys"]
[Date "2016.06.09"]
[Round "1"]
[White "Rudzinska, Michalina"]
[Black "Skripkiunas, Benas"]
[Result "1-0"]
[WhiteElo "1752"]
[BlackElo "1556"]
[PlyCount "97"]
[EventDate "2016.06.09"]
[EventType "swiss"]
[EventRounds "7"]
[EventCountry "LTU"]
[SourceTitle "CBM 172 Extra"]
[Source "ChessBase"]
[SourceDate "2016.06.21"]
[SourceVersion "1"]
[SourceVersionDate "2016.06.21"]
[SourceQuality "1"]

1. e4 c5 2. Nf3 e6 3. d4 cxd4 4. Nxd4 Nf6 5. Bd3 Nc6 6. Nxc6 bxc6 7. 0-0 Be7 8. Nd2 0-0 9. b3 Bb7 10. c4 d5 11. Qe2 dxe4 12. Nxe4 c5 13. Rd1 Qc7 14. Bb2 Nxe4 15. Bxe4 Bxe4 16. Qxe4 Bd6 17. Kh1 e5 18. Rd3 Rad8 19. Rad1 f6 20. Qf5 Rfe8 21. f3 Be7 22. Qe6+ Kf8 23. h3 Rxd3 24. Rxd3 Rd8 25. Qf5 Rxd3 26. Qxd3 h6 27. Kg1 Qd6 28. Qxd6 Bxd6 29. Kf2 Ke7 30. Ke3 Ke6 31. Bc3 g5 32. g4 f5 33. a3 Bc7 34. b4 Bb6 35. b5 Bc7 36. a4 Kf6 37. Kd3 Ke6 38. Bd2 Bb6 39. Be3 f4 40. Bf2 Kd6 41. Be1 Bc7 42. Ke4 Ke6 43. Bf2 Bb6 44. a5 Bxa5 45. Bxc5 Bb6 46. Bb4 Bd4 47. c5 Be3 48. c6 Bb6 49. Bf8 1-0

[Event "LTU-chT"]
[Site "Lithuania"]
[Date "2016.02.07"]
[Round "5.3"]
[White "Slusnys, Evaldas"]
[Black "Skripkiunas, Benas"]
[Result "1-0"]
[WhiteElo "1844"]
[BlackElo "1628"]
[PlyCount "73"]
[EventDate "2016.01.23"]
[EventType "team-swiss"]
[EventRounds "7"]
[EventCountry "LTU"]
[SourceTitle "EXT 2017"]
[Source "ChessBase"]
[SourceDate "2016.10.25"]
[SourceVersion "1"]
[SourceVersionDate "2016.10.25"]
[SourceQuality "1"]
[WhiteTeam "LASF"]
[BlackTeam "Alytus"]
[WhiteTeamCountry "LTU"]
[BlackTeamCountry "LTU"]

1. c4 c5 2. Nc3 Nc6 3. g3 Nf6 4. Bg2 d6 5. Nf3 e5 6. 0-0 Be6 7. d3 h6 8. a3 Qd7 9. Qa4 Be7 10. b4 0-0 11. Rb1 Rab8 12. Be3 Nd4 13. Rb2 Qxa4 14. Nxa4 Nxf3+ 15. Bxf3 cxb4 16. axb4 Ng4 17. Bd2 Nf6 18. Nc3 Rfd8 19. Ra1 a6 20. b5 a5 21. Rxa5 d5 22. cxd5 Nxd5 23. Nxd5 Bxd5 24. Bxd5 Rxd5 25. Be3 b6 26. Ra7 Bc5 27. Bd2 Kf8 28. Kg2 Bd4 29. Rc2 Rc5 30. Bb4 Ke8 31. Bxc5 Bxc5 32. Kf3 Kf8 33. Ke4 f6 34. Kf5 Rd8 35. Kg6 Rd4 36. Rf7+ Ke8 37. f3 1-0

[Event "LTU-chT"]
[Site "Lithuania"]
[Date "2016.02.06"]
[Round "4.3"]
[White "Boyajyan, David"]
[Black "Skripkiunas, Benas"]
[Result "1-0"]
[WhiteElo "1521"]
[BlackElo "1628"]
[PlyCount "115"]
[EventDate "2016.01.23"]
[EventType "team-swiss"]
[EventRounds "7"]
[EventCountry "LTU"]
[SourceTitle "CBM 170 Extra"]
[Source "ChessBase"]
[SourceDate "2016.02.25"]
[SourceVersion "1"]
[SourceVersionDate "2016.02.25"]
[SourceQuality "1"]
[WhiteTeam "Kaunas Mirazas"]
[BlackTeam "Alytus"]
[WhiteTeamCountry "LTU"]
[BlackTeamCountry "LTU"]

1. Nf3 d5 2. c4 c6 3. d4 e6 4. Nc3 f5 5. e3 Nf6 6. cxd5 cxd5 7. Bb5+ Bd7 8. Bxd7+ Nbxd7 9. Qb3 b6 10. 0-0 Be7 11. Ng5 Nf8 12. Qb5+ N6d7 13. Qc6 Bxg5 14. Nb5 Kf7 15. Nd6+ Kg6 16. f4 Be7 17. Nxf5 Kxf5 18. e4+ dxe4 19. g4+ Kf6 20. f5 Kf7 21. fxe6+ Ke8 22. Rxf8+ Rxf8 23. exd7+ Qxd7 24. Qxa8+ Kf7 25. Qxe4 Kg8 26. Bd2 Bf6 27. Bc3 Re8 28. Qf4 Re2 29. Rf1 Qd5 30. Qf3 Bxd4+ 31. Bxd4 Qxd4+ 32. Kh1 Qe4 33. Qxe4 Rxe4 34. Rc1 a5 35. Rc8+ Kf7 36. Rc7+ Kf6 37. Rc6+ Re6 38. Rc2 Kg5 39. h3 Kh4 40. Kg2 Re3 41. Rc7 Re2+ 42. Kf3 Rxb2 43. Rxg7 Rxa2 44. Rxh7+ Kg5 45. Rh5+ Kg6 46. Rb5 Ra3+ 47. Kg2 a4 48. Rxb6+ Kg5 49. Rb5+ Kg6 50. Ra5 Kh6 51. h4 Kg6 52. Ra6+ Kg7 53. g5 Ra1 54. Kh3 a3 55. Kg4 a2 56. Kh5 Kf8 57. Ra7 Re1 58. Rxa2 1-0

[Event "LTU-chT"]
[Site "Lithuania"]
[Date "2016.02.06"]
[Round "3.3"]
[White "Skripkiunas, Benas"]
[Black "Liandzbergas, Mykolas"]
[Result "1-0"]
[WhiteElo "1628"]
[BlackElo "1398"]
[PlyCount "123"]
[EventDate "2016.01.23"]
[EventType "team-swiss"]
[EventRounds "7"]
[EventCountry "LTU"]
[SourceTitle "CBM 170 Extra"]
[Source "ChessBase"]
[SourceDate "2016.02.25"]
[SourceVersion "1"]
[SourceVersionDate "2016.02.25"]
[SourceQuality "1"]
[WhiteTeam "Alytus"]
[BlackTeam "Siauliai Juventa"]
[WhiteTeamCountry "LTU"]
[BlackTeamCountry "LTU"]

1. d4 d5 2. c4 dxc4 3. e3 Nf6 4. Bxc4 e6 5. Nf3 c5 6. 0-0 a6 7. a4 Nc6 8. Nc3 cxd4 9. exd4 Be7 10. Bg5 0-0 11. Re1 Nd5 12. Bxe7 Ncxe7 13. Bd3 Bd7 14. Ne5 Ng6 15. Bxg6 hxg6 16. Nxd5 exd5 17. Qb3 Bc6 18. Nxc6 bxc6 19. Rac1 Rc8 20. Qb7 Qf6 21. Red1 a5 22. Qb6 Qd8 23. Qxd8 Rfxd8 24. Rc5 Rb8 25. Rd2 Rb4 26. Rxa5 Rdb8 27. Kf1 Rxb2 28. Rxb2 Rxb2 29. Rc5 Ra2 30. a5 Kf8 31. Rxc6 Rxa5 32. Rc5 Rxc5 33. dxc5 Ke7 34. Ke2 Kd7 35. Kd3 f6 36. f4 Kc7 37. Kd4 Kc6 38. g3 g5 39. fxg5 fxg5 40. g4 g6 41. h3 Kd7 42. Kxd5 Kc7 43. Ke6 Kc6 44. Kf6 Kxc5 45. Kxg5 Kd6 46. Kxg6 Ke7 47. Kh7 Kf6 48. h4 Kf7 49. g5 Kf8 50. g6 Ke7 51. g7 Kd6 52. g8Q Ke5 53. Qg4 Kd5 54. Kg6 Ke5 55. Qf5+ Kd6 56. Qe4 Kd7 57. Qd5+ Ke7 58. Qc6 Kd8 59. Qb7 Ke8 60. Kf6 Kd8 61. Ke6 Ke8 62. Qe7# 1-0

[Event "Panevezys op-B 28th"]
[Site "Panevezys"]
[Date "2015.08.22"]
[Round "8"]
[White "Skripkiunas, Benas"]
[Black "Voropajevas, Nikolajus"]
[Result "1-0"]
[WhiteElo "1578"]
[BlackElo "1557"]
[PlyCount "115"]
[EventDate "2015.08.17"]
[EventType "swiss"]
[EventRounds "9"]
[EventCountry "LTU"]
[SourceTitle "EXT 2016"]
[Source "ChessBase"]
[SourceDate "2015.10.08"]
[SourceVersion "1"]
[SourceVersionDate "2015.10.08"]
[SourceQuality "1"]

1. d4 d5 2. c4 e6 3. Nc3 Nf6 4. Bg5 Be7 5. e3 Nc6 6. Nf3 h6 7. Bh4 0-0 8. Bd3 a6 9. 0-0 dxc4 10. Bxc4 b5 11. Bd3 Bb7 12. a3 Kh8 13. b4 Nd5 14. Bxe7 Qxe7 15. Ne4 e5 16. Nc5 Bc8 17. dxe5 Nxe5 18. Be4 Nc3 19. Qc2 Nxe4 20. Qxe4 Nxf3+ 21. Qxf3 Be6 22. Qc6 Qd6 23. Qxd6 cxd6 24. Ne4 Bc4 25. Rfd1 d5 26. Nc3 Rfd8 27. Rd4 Ra7 28. Rad1 a5 29. e4 axb4 30. axb4 Bb3 31. Rb1 Bc4 32. Nxd5 f5 33. f3 fxe4 34. fxe4 Bxd5 35. exd5 Rad7 36. Rbd1 Rd6 37. Kf2 Re8 38. Rc1 Rf6+ 39. Kg1 Kg8 40. h3 Rd6 41. Rc5 Rb8 42. Kf2 Kf7 43. Ke3 g5 44. Rc7+ Kg6 45. Re7 Kf6 46. Rde4 Rbb6 47. Kd4 Rb8 48. R7e6+ Rxe6 49. Rxe6+ Kf5 50. Rxh6 Rc8 51. Rc6 Re8 52. Kc5 Rd8 53. d6 Ke6 54. Kxb5 Kd5 55. Rc5+ Kxd6 56. Rxg5 Rb8+ 57. Kc4 Ke6 58. b5 1-0

[Event "Panevezys op-B 28th"]
[Site "Panevezys"]
[Date "2015.08.20"]
[Round "6"]
[White "Skripkiunas, Benas"]
[Black "Sarauskas, Andrius"]
[Result "1/2-1/2"]
[WhiteElo "1578"]
[BlackElo "1549"]
[PlyCount "55"]
[EventDate "2015.08.17"]
[EventType "swiss"]
[EventRounds "9"]
[EventCountry "LTU"]
[SourceTitle "EXT 2016"]
[Source "ChessBase"]
[SourceDate "2015.10.08"]
[SourceVersion "1"]
[SourceVersionDate "2015.10.08"]
[SourceQuality "1"]

1. d4 Nf6 2. c4 e6 3. Bg5 d5 4. Nc3 Nbd7 5. Nf3 Be7 6. e3 c6 7. Bd3 0-0 8. 0-0 Re8 9. Re1 Nf8 10. Bxf6 Bxf6 11. e4 Ng6 12. e5 Be7 13. c5 f6 14. Bxg6 hxg6 15. exf6 gxf6 16. Qd3 Kh7 17. Re3 e5 18. dxe5 Bxc5 19. Re2 Bf5 20. Qd2 fxe5 21. Rxe5 Rxe5 22. Nxe5 Qf6 23. Nf3 Re8 24. Re1 Rxe1+ 25. Qxe1 Be4 26. Nd2 Bf5 27. Nb3 Bb6 28. Qe2 1/2-1/2

[Event "Panevezys op-B 28th"]
[Site "Panevezys"]
[Date "2015.08.19"]
[Round "4"]
[White "Skripkiunas, Benas"]
[Black "Krizanauskas, Mantvydas"]
[Result "1-0"]
[WhiteElo "1578"]
[BlackElo "1239"]
[PlyCount "39"]
[EventDate "2015.08.17"]
[EventType "swiss"]
[EventRounds "9"]
[EventCountry "LTU"]
[SourceTitle "EXT 2016"]
[Source "ChessBase"]
[SourceDate "2015.10.08"]
[SourceVersion "1"]
[SourceVersionDate "2015.10.08"]
[SourceQuality "1"]

1. d4 d5 2. c4 dxc4 3. Nc3 Nf6 4. e4 e6 5. Bxc4 Bb4 6. Bg5 h6 7. Bxf6 Qxf6 8. f3 0-0 9. Nge2 Nc6 10. a3 Bxc3+ 11. bxc3 Qg6 12. Kf2 a6 13. a4 Na5 14. Bd3 Bd7 15. Nf4 Qf6 16. g3 Bc6 17. h4 Rfd8 18. Nh5 Qg6 19. g4 b6 20. e5 1-0

[Event "EU Amateur-ch"]
[Site "Kaunas"]
[Date "2015.08.12"]
[Round "5"]
[White "Gucaga, Augustas"]
[Black "Skripkiunas, Benas"]
[Result "1-0"]
[WhiteElo "1781"]
[BlackElo "1578"]
[PlyCount "63"]
[EventDate "2015.08.09"]
[EventType "swiss"]
[EventRounds "9"]
[EventCountry "LTU"]
[SourceTitle "CBM 167 Extra"]
[Source "ChessBase"]
[SourceDate "2015.09.14"]
[SourceVersion "1"]
[SourceVersionDate "2015.09.14"]
[SourceQuality "1"]

1. e4 c5 2. Nf3 Nc6 3. d4 cxd4 4. Nxd4 e6 5. Nc3 Nf6 6. g3 Bb4 7. Bg2 0-0 8. 0-0 a6 9. Nb3 d6 10. Bd2 Qc7 11. f4 Rd8 12. g4 h6 13. g5 hxg5 14. fxg5 Nh7 15. Qh5 Ne5 16. a3 Bc5+ 17. Nxc5 Qxc5+ 18. Kh1 g6 19. Qh4 Nc4 20. Bf4 Qd4 21. Rad1 Qg7 22. Qg3 e5 23. Bc1 Be6 24. Bh3 Bxh3 25. Qxh3 Nf8 26. Nd5 Nd7 27. Rf3 Ncb6 28. Nf6+ Nxf6 29. gxf6 Qh7 30. Qxh7+ Kxh7 31. Rh3+ Kg8 32. Bh6 1-0

[Event "LTU-ch U14"]
[Site "Panevezys"]
[Date "2015.04.03"]
[Round "8"]
[White "Skripkiunas, Benas"]
[Black "Silkaitis, Laimis"]
[Result "1-0"]
[WhiteElo "1552"]
[BlackElo "1368"]
[PlyCount "109"]
[EventDate "2015.03.30"]
[EventType "swiss"]
[EventRounds "8"]
[EventCountry "LTU"]
[SourceTitle "EXT 2017"]
[Source "ChessBase"]
[SourceDate "2016.10.25"]
[SourceVersion "1"]
[SourceVersionDate "2016.10.25"]
[SourceQuality "1"]

1. d4 d5 2. c4 e6 3. Nf3 Nf6 4. Bg5 Be7 5. Nc3 0-0 6. e3 b6 7. cxd5 exd5 8. Bd3 Bb7 9. Qc2 h6 10. Bf4 Nbd7 11. 0-0 c5 12. Nb5 c4 13. Bf5 a6 14. Bc7 Qc8 15. Bd6 Bxd6 16. Nxd6 Qc7 17. Nxb7 Qxb7 18. Rfe1 Rfe8 19. b3 b5 20. Rab1 Qc6 21. bxc4 bxc4 22. Nd2 Qd6 23. e4 dxe4 24. Qxc4 Qf4 25. Bxd7 Nxd7 26. Nf1 Nf6 27. Ne3 Qd6 28. Rb7 Re7 29. Nf5 Qd8 30. Nxe7+ Kh8 31. Nf5 Qa5 32. Reb1 Qxf5 33. Qxf7 Qg5 34. Qe6 a5 35. Qe5 Qg6 36. Rb8+ Rxb8 37. Rxb8+ Kh7 38. Qxa5 Qg5 39. Qe1 Qf4 40. Rb1 Ng4 41. g3 Qf3 42. Rb3 Qf5 43. a4 Qd5 44. Rb5 Qe6 45. d5 Qe8 46. Rb4 Nf6 47. Rd4 Qe5 48. Qe3 Kh8 49. d6 Qe8 50. Qd2 Qd7 51. Qc2 Qa7 52. d7 Qxd4 53. Qc8+ Kh7 54. d8Q Qxa4 55. Qf5+ 1-0

[Event "Kaunas New Year op"]
[Site "Kaunas"]
[Date "2015.01.04"]
[Round "6"]
[White "Juksta, Karolis"]
[Black "Skripkiunas, Benas"]
[Result "1-0"]
[WhiteElo "1762"]
[BlackElo "1574"]
[PlyCount "133"]
[EventDate "2015.01.02"]
[EventType "swiss"]
[EventRounds "6"]
[EventCountry "LTU"]
[SourceTitle "CBM 164 Extra"]
[Source "ChessBase"]
[SourceDate "2015.03.02"]
[SourceVersion "1"]
[SourceVersionDate "2015.03.02"]
[SourceQuality "1"]

1. d4 d5 2. c4 c6 3. Nf3 Nf6 4. Nbd2 e6 5. e3 Be7 6. Bd3 dxc4 7. Nxc4 b5 8. Nce5 0-0 9. 0-0 Bb7 10. b3 Nbd7 11. Bb2 a6 12. Rc1 Rc8 13. Qe2 c5 14. dxc5 Nxc5 15. Bb1 Bd6 16. Rfd1 Qe7 17. Nd3 Nce4 18. Nd4 Nd5 19. Ne1 Ndc3 20. Bxc3 Nxc3 21. Qc2 Be4 22. Qxc3 Rxc3 23. Rxc3 Bb4 24. Rcc1 Bb7 25. Nd3 Ba3 26. Rc3 Qg5 27. Ne1 Bb4 28. Nef3 Qh5 29. Rc7 Ba8 30. Nc6 Bc5 31. e4 Qg4 32. Nce5 Bxf2+ 33. Kxf2 Qf4 34. g3 Qf6 35. Rdd7 g5 36. Rxf7 Rxf7 37. Rxf7 Qd8 38. Rd7 Qb8 39. Ng4 Bc6 40. Nf6+ Kf8 41. Nxh7+ Kg8 42. Nf6+ Kf8 43. Rd2 Qa7+ 44. Ke2 Qf7 45. Nxg5 Qg6 46. Ngh7+ Ke7 47. Bc2 Qh6 48. h4 Qg7 49. g4 Qh8 50. h5 Qb8 51. Kf3 Qe5 52. Bd3 Qc3 53. Ke2 Qe5 54. g5 Qh2+ 55. Kd1 Qg1+ 56. Kc2 Qc5+ 57. Kb2 Qd4+ 58. Kc1 Qg1+ 59. Rd1 Qe3+ 60. Kb1 Qf3 61. Bc2 a5 62. g6 Qg3 63. e5 a4 64. Ng8+ Ke8 65. Nhf6+ Kf8 66. h6 Be8 67. Rf1 1-0

[Event "Kaunas New Year op"]
[Site "Kaunas"]
[Date "2015.01.04"]
[Round "5"]
[White "Skripkiunas, Benas"]
[Black "Gucaga, Augustas"]
[Result "0-1"]
[WhiteElo "1574"]
[BlackElo "1607"]
[PlyCount "36"]
[EventDate "2015.01.02"]
[EventType "swiss"]
[EventRounds "6"]
[EventCountry "LTU"]
[SourceTitle "CBM 164 Extra"]
[Source "ChessBase"]
[SourceDate "2015.03.02"]
[SourceVersion "1"]
[SourceVersionDate "2015.03.02"]
[SourceQuality "1"]

1. d4 d5 2. c4 e6 3. Nc3 Nf6 4. Nf3 Be7 5. e3 0-0 6. Bd3 b6 7. 0-0 Bb7 8. Re1 c5 9. Qc2 Qc7 10. Nb5 Qc8 11. b3 a6 12. Nc3 Qc7 13. e4 cxd4 14. Nxd4 Bc5 15. Nf3 Ng4 16. Rf1 dxc4 17. Bxc4 Nc6 18. h3 Nd4 0-1

[Event "Sokolka op 5th"]
[Site "Sokolka"]
[Date "2014.07.12"]
[Round "5"]
[White "Kopec, Norbert"]
[Black "Skripkiunas, Benas"]
[Result "1-0"]
[WhiteElo "1307"]
[BlackElo "1570"]
[PlyCount "101"]
[EventDate "2014.07.08"]
[EventType "swiss"]
[EventRounds "9"]
[EventCountry "POL"]
[SourceTitle "CBM 161 Extra"]
[Source "ChessBase"]
[SourceDate "2014.08.29"]
[SourceVersion "1"]
[SourceVersionDate "2014.08.29"]
[SourceQuality "1"]

1. e4 c5 2. Nf3 Nc6 3. Nc3 Nf6 4. Bc4 e6 5. d4 cxd4 6. Nxd4 a6 7. Bg5 Be7 8. 0-0 Nxe4 9. Nxc6 bxc6 10. Bxe7 Nxc3 11. Bxd8 Nxd1 12. Ba5 Nxb2 13. Bb3 d5 14. Bc3 Nc4 15. Bxc4 dxc4 16. Bxg7 Rg8 17. Bf6 Rg6 18. Be5 f6 19. Bc3 e5 20. Rfd1 Bg4 21. Rd6 a5 22. g3 Bf3 23. Rd2 Ke7 24. Rb1 h5 25. Rb7+ Ke6 26. Rdd7 c5 27. Ra7 Rb8 28. Kf1 Rb1+ 29. Be1 Rb2 30. Re7+ Kf5 31. Rxa5 Rxc2 32. a4 h4 33. Rh7 hxg3 34. hxg3 Ra2 35. Rh4 Bd1 36. Rxc5 Be2+ 37. Kg2 Rxa4 38. Rb5 Rg7 39. Rb2 Bd3 40. f3 Rc7 41. Rd2 Ra1 42. Bf2 Bf1+ 43. Kh2 c3 44. Rd6 c2 45. Rh6 Rf7 46. g4+ Kf4 47. Rdxf6+ Rxf6 48. Rxf6+ Kg5 49. Bh4+ Kxh4 50. Rf5 e4 51. Rh5# 1-0

[Event "Baltic Amateur op"]
[Site "Vilnius"]
[Date "2014.03.11"]
[Round "5"]
[White "Skripkiunas, Benas"]
[Black "Mecelis, Arturas"]
[Result "0-1"]
[WhiteElo "1563"]
[BlackElo "1961"]
[PlyCount "70"]
[EventDate "2014.03.09"]
[EventType "swiss"]
[EventRounds "5"]
[EventCountry "LTU"]
[SourceTitle "CBM 159 Extra"]
[Source "ChessBase"]
[SourceDate "2014.04.24"]
[SourceVersion "1"]
[SourceVersionDate "2014.04.24"]
[SourceQuality "1"]

1. d4 c5 2. d5 e5 3. c4 d6 4. e4 Be7 5. Nc3 a6 6. Nf3 Bg4 7. h3 Bh5 8. Bd3 h6 9. 0-0 Bg5 10. Be2 Bxc1 11. Rxc1 Ne7 12. a3 0-0 13. Qd2 f5 14. exf5 Bxf3 15. Bxf3 Nxf5 16. Ne2 Nd7 17. Bg4 Nd4 18. Nxd4 cxd4 19. b4 Nf6 20. Be6+ Kh8 21. f4 a5 22. fxe5 dxe5 23. Qe2 e4 24. Rf4 axb4 25. axb4 Qd6 26. Qd2 d3 27. Rcf1 Qe5 28. Rf5 Qd4+ 29. Kh1 e3 30. Qe1 e2 31. Rg1 Qxc4 32. Qd2 Ne4 33. Qf4 Rxf5 34. Bxf5 d2 35. Bxe4 e1Q 0-1

[Event "LTU-chT"]
[Site "Lithuania"]
[Date "2014.01.26"]
[Round "2.2"]
[White "Ivanauskas, Raimundas"]
[Black "Skripkiunas, Benas"]
[Result "1-0"]
[WhiteElo "1783"]
[BlackElo "1563"]
[PlyCount "97"]
[EventDate "2014.01.25"]
[EventType "team-swiss"]
[EventRounds "7"]
[EventCountry "LTU"]
[SourceTitle "CBM 158 Extra"]
[Source "ChessBase"]
[SourceDate "2014.02.28"]
[SourceVersion "1"]
[SourceVersionDate "2014.02.28"]
[SourceQuality "1"]
[WhiteTeam "Rokiskis"]
[BlackTeam "Kaunas AG II"]
[WhiteTeamCountry "LTU"]
[BlackTeamCountry "LTU"]

1. e4 c5 2. b3 e6 3. Bb2 a6 4. Nf3 Nc6 5. g3 Be7 6. Bxg7 Bf6 7. Bxh8 Bxh8 8. c3 Nf6 9. e5 Ng4 10. Bg2 Ncxe5 11. Nxe5 Nxe5 12. 0-0 d5 13. Qc2 Ng6 14. a4 Bd7 15. Qd1 Qc7 16. Na3 Bg7 17. Nc2 Ne5 18. Qe2 0-0-0 19. Ne1 c4 20. b4 Kb8 21. f4 Nc6 22. Nf3 f6 23. Kh1 e5 24. fxe5 fxe5 25. Nh4 Be6 26. Nf5 Bxf5 27. Rxf5 e4 28. Raf1 Ne5 29. Qh5 h6 30. Qe2 Qc6 31. a5 b6 32. axb6 Qxb6 33. Ra1 Nd3 34. Rf7 Bh8 35. Raf1 Ne5 36. Rf8 Bg7 37. Rxd8+ Qxd8 38. Qf2 Qd6 39. Qf5 Qb6 40. Bh3 Nf3 41. Qxd5 Qb7 42. Qxc4 Ka7 43. Qc5+ Qb6 44. Qxb6+ Kxb6 45. Rf2 Ng5 46. Bg2 Kc6 47. h4 Nf3 48. Bxf3 exf3 49. Rxf3 1-0

[Event "LTU-chT"]
[Site "Lithuania"]
[Date "2014.01.25"]
[Round "1.2"]
[White "Skripkiunas, Benas"]
[Black "Gincas, Arunas"]
[Result "1-0"]
[WhiteElo "1563"]
[BlackElo "2012"]
[PlyCount "75"]
[EventDate "2014.01.25"]
[EventType "team-swiss"]
[EventRounds "7"]
[EventCountry "LTU"]
[SourceTitle "CBM 158 Extra"]
[Source "ChessBase"]
[SourceDate "2014.02.28"]
[SourceVersion "1"]
[SourceVersionDate "2014.02.28"]
[SourceQuality "1"]
[WhiteTeam "Kaunas AG II"]
[BlackTeam "Gargzdai Mintis"]
[WhiteTeamCountry "LTU"]
[BlackTeamCountry "LTU"]

1. d4 d5 2. c4 c6 3. Nc3 Nf6 4. e3 e6 5. Nf3 Nbd7 6. Bd3 Bd6 7. 0-0 0-0 8. Re1 b6 9. e4 dxe4 10. Nxe4 Be7 11. Be3 Bb7 12. Qc2 h6 13. a3 a5 14. Rad1 Rc8 15. Ne5 Qc7 16. Bf4 Qd8 17. c5 Nd5 18. Bg3 f5 19. Nd6 Bxd6 20. cxd6 N7f6 21. Ng6 Re8 22. Bc4 Ra8 23. Ne7+ Nxe7 24. Bxe6+ Kh8 25. dxe7 Qxe7 26. f3 Qd8 27. Bxf5 Rxe1+ 28. Bxe1 Nd5 29. Bf2 Qg5 30. Re1 Rf8 31. Re5 Qf6 32. g4 Nf4 33. Bg3 Nd5 34. Qe2 b5 35. Re8 Qxd4+ 36. Bf2 Qf6 37. Bc5 Nf4 38. Qe1 1-0

[Event "Panevezys op-B 26th"]
[Site "Panevezys"]
[Date "2013.08.15"]
[Round "4"]
[White "Skripkiunas, Benas"]
[Black "Ramanauskas, Leonas"]
[Result "1/2-1/2"]
[WhiteElo "1536"]
[BlackElo "1758"]
[PlyCount "49"]
[EventDate "2013.08.12"]
[EventType "swiss"]
[EventRounds "8"]
[EventCountry "LTU"]
[SourceTitle "CBM 155 Extra"]
[Source "ChessBase"]
[SourceDate "2013.08.26"]
[SourceVersion "1"]
[SourceVersionDate "2013.08.26"]
[SourceQuality "1"]

1. d4 e6 2. c4 d5 3. Nc3 Nf6 4. e3 Be7 5. Nf3 0-0 6. Bd3 dxc4 7. Bxc4 a6 8. a4 b6 9. 0-0 Bb7 10. Re1 Bb4 11. Bd3 Nbd7 12. e4 e5 13. Nxe5 Nxe5 14. dxe5 Bxc3 15. bxc3 Nxe4 16. Bxe4 Bxe4 17. Qxd8 Rfxd8 18. Bg5 f6 19. exf6 Rd5 20. Rxe4 Rxg5 21. fxg7 Rc5 22. c4 Kxg7 23. h3 Rf8 24. Ra3 Rf7 25. Rd4 1/2-1/2

[Event "Panevezys op-B 26th"]
[Site "Panevezys"]
[Date "2013.08.15"]
[Round "5"]
[White "Voropajevas, Nikolajus"]
[Black "Skripkiunas, Benas"]
[Result "1-0"]
[WhiteElo "1535"]
[BlackElo "1536"]
[PlyCount "62"]
[EventDate "2013.08.12"]
[EventType "swiss"]
[EventRounds "8"]
[EventCountry "LTU"]
[SourceTitle "CBM 155 Extra"]
[Source "ChessBase"]
[SourceDate "2013.08.26"]
[SourceVersion "1"]
[SourceVersionDate "2013.08.26"]
[SourceQuality "1"]

1. e4 c5 2. c3 Nf6 3. e5 Nd5 4. Nf3 e6 5. d4 d6 6. Bb5+ Nc6 7. 0-0 a6 8. Bxc6+ bxc6 9. dxc5 dxc5 10. c4 Nb6 11. Qxd8+ Kxd8 12. Rd1+ Kc7 13. b3 Rb8 14. Bd2 Be7 15. Ba5 Rd8 16. Nc3 Kb7 17. Na4 Rxd1+ 18. Rxd1 Nxa4 19. bxa4 Ka8 20. Bc3 f6 21. Nd2 Rb7 22. Rb1 Rd7 23. Rd1 Rd3 24. Bb2 fxe5 25. Bxe5 Bf6 26. Bxf6 gxf6 27. Kf1 f5 28. Ke2 Ra3 29. Ra1 Rxa4 30. a3 e5 31. Kd3 f4 1-0